Food and beverage services: A training manual (Record no. 25382)

MARC details
000 -LEADER
fixed length control field 00507nam a2200181Ia 4500
008 - FIXED-LENGTH DATA ELEMENTS--GENERAL INFORMATION
fixed length control field 230917s9999||||xx |||||||||||||| ||und||
020 ## - ISBN
Price RS510
040 ## - CATALOGING SOURCE
-- 244745
Original cataloging agency VIVEKANANDA LIBRARY
041 ## - Language
-- English
082 ## - DDC NUMBER
Classification number 642.5 A27F(3)
100 ## - MAIN ENTRY--PERSONAL NAME
Personal name Andrews, Sudhir
245 #0 - TITLE STATEMENT
Title Food and beverage services: A training manual
250 ## - EDITION STATEMENT
Edition statement 3rd ed.
260 ## - PUBLICATION, DISTRIBUTION, ETC. (IMPRINT)
Place of publication, distribution, etc Chennai
Name of publisher, distributor, etc McGraw-Hill Education (India)
Date of publication, distribution, etc 2016
300 ## - PHYSICAL DESCRIPTION
Pages xxxiii, 379 p.
500 ## - GENERAL NOTE
General note 3006 17/01/2018 HBD18/7202 06/02/2018 IHTM (SFS)
942 ## - ADDED ENTRY ELEMENTS (KOHA)
Koha item type Books
Holdings
Withdrawn status Lost status Damaged status Not for loan Location (home branch) Sublocation or collection (holding branch) Shelving location Date acquired Koha issues (times borrowed) Koha full call number Accession No. Koha date last seen Koha item type
        VIVEKANANDA LIBRARY VIVEKANANDA LIBRARY IHTM Library 27/02/2018   642.5 A27F(3) 371666 17/09/2023 Books
        VIVEKANANDA LIBRARY VIVEKANANDA LIBRARY IHTM Library 27/02/2018 1 642.5 A27F(3) 371667 07/12/2023 Books
        VIVEKANANDA LIBRARY VIVEKANANDA LIBRARY IHTM Library 27/02/2018 1 642.5 A27F(3) 371668 11/12/2023 Books
        VIVEKANANDA LIBRARY VIVEKANANDA LIBRARY IHTM Library 27/02/2018 3 642.5 A27F(3) 371669 14/12/2023 Books
        VIVEKANANDA LIBRARY VIVEKANANDA LIBRARY IHTM Library 27/02/2018 1 642.5 A27F(3) 371670 14/10/2023 Books
© Designed and Maintained by Vivekananda Library, MDU Rohtak